000 00682nam a22002177a 4500
999 _c8998
_d8998
001 8998
003 BD-JhCC
005 20180306191145.0
008 180306b1990 bg a|||| ||a| 001 0 ben d
035 _a(BD-JhCC) 8998
040 _aBD-JhCC
_dBD-JhCC
041 _aben
082 _a923.1
_bSOI 1990
100 _aসৈয়দ, আবদুল মান্নান
245 _aসৈয়দ মুর্তাজা আলী /
_c আবদুল মান্নান সৈয়দ
260 _aঢাকা :
_bবাংলা একাডেমী ঢাকা :
_c1990
300 _a92 p .:
_c21 cm .
650 _aBiography
942 _2ddc
_cBK